<?xml version="1.0" encoding="UTF-8"?>
<record
    xmlns:xsi="http://www.w3.org/2001/XMLSchema-instance"
    xsi:schemaLocation="http://www.loc.gov/MARC21/slim http://www.loc.gov/standards/marcxml/schema/MARC21slim.xsd"
    xmlns="http://www.loc.gov/MARC21/slim">

  <leader>     nam a22     7a 4500</leader>
  <datafield tag="999" ind1=" " ind2=" ">
    <subfield code="c">259205</subfield>
    <subfield code="d">259205</subfield>
  </datafield>
  <controlfield tag="003">IT-MiCISF</controlfield>
  <controlfield tag="008">161219b        xxu||||| |||| 00| 0 eng d</controlfield>
  <datafield tag="020" ind1=" " ind2=" ">
    <subfield code="a">9788817075831</subfield>
  </datafield>
  <datafield tag="040" ind1=" " ind2=" ">
    <subfield code="c">IT-MiCISF</subfield>
  </datafield>
  <datafield tag="041" ind1=" " ind2=" ">
    <subfield code="a">it</subfield>
  </datafield>
  <datafield tag="100" ind1=" " ind2=" ">
    <subfield code="a">Senior Jennifer</subfield>
    <subfield code="9">56075</subfield>
  </datafield>
  <datafield tag="245" ind1=" " ind2=" ">
    <subfield code="a">Tanta gioia nessun piacere</subfield>
    <subfield code="b">Quando le mamme non si divertono</subfield>
  </datafield>
  <datafield tag="260" ind1=" " ind2=" ">
    <subfield code="a">Milano</subfield>
    <subfield code="b">Rcs</subfield>
    <subfield code="c">2014</subfield>
  </datafield>
  <datafield tag="300" ind1=" " ind2=" ">
    <subfield code="a">pp. 298</subfield>
  </datafield>
  <datafield tag="500" ind1=" " ind2=" ">
    <subfield code="a">genitorialit&#xE0;, qualit&#xE0;-della-vita, lavoro-domestico, ritmi-familiari, nuovi-media, crescita-bambini, cultura, figli-piccoli, figli-adolescenti, rapporti-genitori-figli</subfield>
  </datafield>
  <datafield tag="520" ind1=" " ind2=" ">
    <subfield code="a">Diamo per scontato che avere figli ci render&#xE0; pi&#xF9; felici, ma &#xE8; da alcuni anni che tutti gli studi dimostrano che &#xE8; esattamente il contrario: un risultato che fa gridare allo scandalo, ma in cui &#xE8; difficile non riconoscersi. Essere genitori non &#xE8; mai stato facile, ma oggi sembra esserlo ancora meno: i cambiamenti degli ultimi decenni hanno infatti trasformato nel profondo un'esperienza che &#xE8; diventata via via pi&#xF9; frustrante e impegnativa. A ben guardare, essere genitori felici o soddisfatti ha molto a che vedere con la capacit&#xE0; di accettare la diversit&#xE0; e la libert&#xE0; dei propri figli. Al contrario l'ansia e la frustrazione derivano dal tentativo, comune ma pur sempre disperato perch&#xE9; impossibile, di controllare ci&#xF2; che &#xE8; di per s&#xE9; incontrollabile e imprevedibile, che sia la propria vita o quella di un'altra persona. L&#x2019;A. entra nel vivo del dibattito sull'infelicit&#xE0; crescente del genitore moderno, per arricchirlo con la sua esperienza personale e indicare una nuova prospettiva. Con l'aiuto delle pi&#xF9; recenti ricerche sul tema, e attraverso i racconti di madri e padri, ci spiega come prendere coscienza del cambiamento, parlare, confrontarsi e sperimentare nuovi metodi educativi. Un libro che mette in discussione il mito della "famiglia felice", in cui per la prima volta si sposta il fuoco dell'indagine e ci si chiede in che misura i figli incidano sulla vita dei genitori.</subfield>
  </datafield>
  <datafield tag="650" ind1=" " ind2=" ">
    <subfield code="a">genitorialit&#xE0;</subfield>
    <subfield code="9">56044</subfield>
  </datafield>
  <datafield tag="654" ind1=" " ind2=" ">
    <subfield code="a">saggio</subfield>
  </datafield>
  <datafield tag="942" ind1=" " ind2=" ">
    <subfield code="2">ddc</subfield>
    <subfield code="c">BK</subfield>
  </datafield>
  <datafield tag="952" ind1=" " ind2=" ">
    <subfield code="0">0</subfield>
    <subfield code="1">0</subfield>
    <subfield code="2">ddc</subfield>
    <subfield code="4">0</subfield>
    <subfield code="6">B_7300_000000000000000</subfield>
    <subfield code="7">1</subfield>
    <subfield code="a">CISF</subfield>
    <subfield code="b">CISF</subfield>
    <subfield code="d">2016-12-19</subfield>
    <subfield code="l">0</subfield>
    <subfield code="o">b7300</subfield>
    <subfield code="p">9788817075831</subfield>
    <subfield code="r">2016-12-19 00:00:00</subfield>
    <subfield code="w">2016-12-19</subfield>
    <subfield code="y">BK</subfield>
  </datafield>
</record>
